000
00293nam a22001217a 4500
003
SGT
082
_a
616.89
_b
A15G
100
_a
GANDHI, SAILAXMI
245
_a
ACTIVITIES OF DAILY LIVING IN PERSON WITH MENTAL ILLNESS
260
_a
INDIA
_b
NIMHANS
_c
2015
300
_a
44
942
_2
ddc
_c
BK
_0
1
999
_c
15092
_d
15092